BART Stations - Statistics

General Stats
  • This quiz has been taken 219 times
    208 since last reset
  • The average score is 27 of 49
Answer Stats
L i n e s Answer % Correct
19th Street/Oakland
84%
Embarcadero
75%
Richmond
74%
Daly City
73%
Dublin/Pleasanton
68%
Fremont
67%
Millbrae
67%
San Francisco International Airport
66%
Antioch
64%
Pittsburg/Bay Point
64%
16th Street Mission
62%
Civic Center/UN Plaza
62%
Hayward
62%
Walnut Creek
62%
West Oakland
62%
a a a a a 12th Street/Oakland City Center
60%
Concord
59%
Orinda
58%
North Berkeley
57%
Powell Street
57%
South San Francisco
57%
Fruitvale
56%
Berryessa/North San Jose
55%
Coliseum
55%
Downtown Berkeley
55%
Lafayette
55%
San Bruno
54%
Lake Merritt
53%
San Leandro
53%
24th Street Mission
52%
Ashby
52%
Colma
52%
MacArthur
52%
Milpitas
52%
Balboa Park
51%
Montgomery Street
51%
Rockridge
51%
Union City
51%
West Dublin/Pleasanton
50%
Glen Park
47%
Castro Valley
44%
El Cerrito del Norte
44%
Warm Springs/South Fremont
44%
Pleasant Hill/Contra Costa Centre
43%
North Concord/Martinez
42%
Bay Fair
40%
El Cerrito Plaza
40%
South Hayward
35%
Pittsburg Center
26%
No matching quizzes found
Score Distribution
Percent of People with Each Score
Percentile by Number Answered
Your Score History
You have not taken this quiz since the last reset